International Journal of Discrimination and the Law

Bibliographic Details
Format: eBook
Language:English
Subjects:
Online Access:Acceso restringido

MARC

LEADER 00000nam a22000007a 4500
005 20211014230017.0
007 cr|||| ||||
008 211014c19959999gb qr|w s|||| 0|||b1eng d
022 |a 1358-2291 
035 |a 33798 
040 |a vLex 
090 |c 12569  |d 12569 
245 0 0 |a International Journal of Discrimination and the Law  |h [Recurso electrn̤ico] / 
256 |a Servicio en ln̕ea 
300 |a 1 recurso electrn̤ico 
506 1 |a Disponible solo en los productos indicados  |d vLex Global  |d vLex Global (Academic Edition, excluding Law Schools)  |d vLex Global (U.S. Academic Edition, Law Schools)  |d vLex Global (U.S. Academic Edition, excluding Law Schools)  |d vLex Global (Academic Edition, Law Schools) 
650 0 4 |a Derecho Internacional  |z Reino Unido 
740 0 |a vLex Revistas (Servicio en ln̕ea) 
856 4 0 |u https://app.vlex.com/#/sources/33798  |z Acceso restringido 
942 |c REV 
999 0 |a International right